000 00306nam a22001217a 4500
008 180807b xxu||||| |||| 00| 0 eng d
082 _a813.52
245 _aMicrosoft office profesional academic
_cMicrosoft corporation
260 _c2010
300 _a1
_fDVD
440 _x9781111747978
942 _2ddc
_cMX
999 _c46921
_d46921